[Event "C.to Italiano Qualificazione"]
[Site "Saint Vincent - Chatillon ITA"]
[Date "2008.07.21"]
[Round "2"]
[White "Brioschi, Camillo"]
[Black "Cardili, Mariano"]
[Result "0-1"]
[WhiteElo "1929"]
[BlackElo "2100"]
[PlyCount "98"]
[EventDate "2008.07.19"]

1. d4 d5 2. Nf3 Nf6 3. e3 e6 4. Bd3 c5 5. c3 Nc6 6. O-O Bd6 7. Nbd2 O-O 8. Re1
Qc7 9. e4 cxd4 10. cxd4 dxe4 11. Nxe4 Nxe4 12. Rxe4 Ne7 13. Ng5 Ng6 14. Qh5 h6
15. Nf3 Bf4 16. Be3 Bd7 17. g3 Bxe3 18. fxe3 Bc6 19. Rc1 Qd6 20. d5 Bxd5 21.
Rd4 Qb6 22. b3 Bxf3 23. Qxf3 Ne5 24. Qe4 Nxd3 25. Qxd3 Rad8 26. Rcc4 Rxd4 27.
exd4 Rd8 28. Kg2 Qa5 29. Ra4 Qd5+ 30. Qf3 a6 31. Qxd5 Rxd5 32. Kf3 Kf8 33. Ke4
Ke7 34. Rc4 Kd7 35. Rc2 b6 36. Rf2 f5+ 37. Ke3 g5 38. h4 g4 39. Rc2 Rd6 40. Rd2
Rd5 41. Rc2 a5 42. a3 Rd6 43. Rd2 Rc6 44. Rd3 Rc1 45. Kd2 Rf1 46. Ke2 Ra1 47.
a4 Ra2+ 48. Kf1 Kd6 49. Re3 Rd2 0-1

[Event "C.to Italiano Qualificazione"]
[Site "Saint Vincent - Chatillon ITA"]
[Date "2008.07.21"]
[Round "2"]
[White "Cavaliere, Simone"]
[Black "Vozza, Nicola"]
[Result "1-0"]
[WhiteElo "1876"]
[BlackElo "1993"]
[PlyCount "51"]
[EventDate "2008.07.19"]

1. e4 e6 2. d4 d5 3. Nc3 Nf6 4. e5 Nfd7 5. f4 c5 6. Nf3 a6 7. Be3 Nc6 8. Qd2
cxd4 9. Nxd4 Bc5 10. O-O-O O-O 11. h4 Bxd4 12. Bxd4 b5 13. Rh3 b4 14. Na4 a5
15. Bb5 Nxd4 16. Qxd4 Ba6 17. Bxd7 Qxd7 18. Nb6 Qc7 19. Nxa8 Rxa8 20. Rg3 Be2
21. Rd2 Bh5 22. f5 h6 23. f6 Bg6 24. h5 Be4 25. Rxg7+ Kf8 26. Qe3 1-0

[Event "C.to Italiano Qualificazione"]
[Site "Saint Vincent - Chatillon ITA"]
[Date "2008.07.21"]
[Round "2"]
[White "Cavatorta, Fosco"]
[Black "Rotoni, Matteo"]
[Result "0-1"]
[WhiteElo "1921"]
[BlackElo "2089"]
[PlyCount "76"]
[EventDate "2008.07.19"]

1. e4 e6 2. d3 d5 3. Nd2 Nf6 4. Ngf3 Nc6 5. c3 a5 6. e5 Nd7 7. d4 f6 8. Bb5
fxe5 9. dxe5 Be7 10. O-O O-O 11. Qe2 Qe8 12. Nb3 a4 13. Nbd4 Nxd4 14. cxd4 c6
15. Bd3 c5 16. Ng5 Bxg5 17. Bxg5 cxd4 18. Rac1 b6 19. Rc7 Ra5 20. Rfc1 Rc5 21.
R1xc5 bxc5 22. Bb5 c4 23. Bxa4 Qg6 24. Be7 Re8 25. Ba3 Qb1+ 26. Qf1 Qxa2 27.
Bxd7 Bxd7 28. Rxd7 c3 29. Qc1 d3 30. Rxg7+ Kh8 31. Rc7 c2 32. Bb4 Qb1 33. Bd2
Ra8 34. f4 Qxc1+ 35. Bxc1 Ra1 36. Kf2 Rxc1 37. f5 Rf1+ 38. Kxf1 d2 0-1

[Event "C.to Italiano Qualificazione"]
[Site "Saint Vincent - Chatillon ITA"]
[Date "2008.07.21"]
[Round "2"]
[White "Chiarotto, Filippo"]
[Black "De Nardi, Riccardo"]
[Result "0-1"]
[WhiteElo "2096"]
[BlackElo "1982"]
[PlyCount "94"]
[EventDate "2008.07.19"]

1. e4 e6 2. Qe2 c5 3. g3 g6 4. Bg2 Bg7 5. f4 Ne7 6. Nf3 O-O 7. O-O Nbc6 8. Kh1
d6 9. d3 f5 10. c3 e5 11. Be3 b6 12. Nbd2 Bb7 13. Ng5 Qd7 14. Rad1 h6 15. Ngf3
d5 16. fxe5 d4 17. Bf4 g5 18. Bxg5 hxg5 19. Nxg5 Nxe5 20. Qh5 Rf6 21. Bh3 Rh6
22. Qe2 Bf6 23. cxd4 cxd4 24. Ndf3 Nxf3 25. Qxf3 Bxg5 26. Bxf5 Nxf5 27. Qg4
Nxg3+ 28. Qxg3 Qg7 29. Rg1 Rg6 30. h4 Rf8 31. hxg5 Qh7+ 32. Qh2 Qxh2+ 33. Kxh2
Rf2+ 34. Rg2 Rxg2+ 35. Kxg2 Rxg5+ 36. Kf3 Kf7 37. Rc1 Rc5 38. Rh1 Ba6 39. Rh7+
Ke6 40. Rxa7 Bxd3 41. Rb7 Rb5 42. b3 Bb1 43. Ra7 Ke5 44. Re7+ Kd6 45. Ra7 Ra5
46. Rh7 Re5 47. Rh6+ Re6 0-1

[Event "C.to Italiano Qualificazione"]
[Site "Saint Vincent - Chatillon ITA"]
[Date "2008.07.21"]
[Round "2"]
[White "Iatrino, Vincenzo"]
[Black "Caputi, Nicola"]
[Result "1/2-1/2"]
[WhiteElo "1839"]
[BlackElo "2012"]
[PlyCount "61"]
[EventDate "2008.07.19"]

1. e4 c5 2. Nc3 Nc6 3. f4 g6 4. Nf3 Bg7 5. d3 d6 6. Be3 Nd4 7. Qd2 Bg4 8. Be2
Bxf3 9. Bxf3 Rb8 10. O-O e6 11. Qf2 Ne7 12. Rab1 O-O 13. Nd1 b6 14. c3 Nxf3+
15. Qxf3 d5 16. Qg3 Qd7 17. Nf2 d4 18. cxd4 cxd4 19. Bd2 Rbc8 20. Rbc1 Rxc1 21.
Rxc1 Rc8 22. Qf3 Rxc1+ 23. Bxc1 Qc6 24. Qd1 f5 25. Bd2 h6 26. Qb3 Kh7 27. g4 b5
28. Kg2 a6 29. Kg3 Nc8 30. Qd1 Nb6 31. Qc1 1/2-1/2

[Event "C.to Italiano Qualificazione"]
[Site "Saint Vincent - Chatillon ITA"]
[Date "2008.07.21"]
[Round "2"]
[White "Malano, Francesco"]
[Black "Crea, Vincenzo"]
[Result "1/2-1/2"]
[WhiteElo "1898"]
[BlackElo "2030"]
[PlyCount "64"]
[EventDate "2008.07.19"]

1. d4 d5 2. Nf3 Nf6 3. c4 c6 4. Nc3 a6 5. c5 Bf5 6. Bf4 h6 7. e3 Nbd7 8. h3 e6
9. Be2 Be7 10. Nd2 Qc8 11. O-O O-O 12. b4 Bd8 13. a4 Bc7 14. Bxc7 Qxc7 15. f4
Ne4 16. Ncxe4 Bxe4 17. Nxe4 dxe4 18. Qc2 Nf6 19. Rab1 Nd5 20. Qd2 Qe7 21. Kh2
f5 22. g3 g5 23. Rg1 Kh7 24. Rg2 Rg8 25. Rbg1 Rg7 26. Bc4 gxf4 27. gxf4 Rag8
28. Rxg7+ Rxg7 29. Rxg7+ Qxg7 30. Bxd5 exd5 31. a5 Qf6 32. Qf2 Qe7 1/2-1/2

[Event "C.to Italiano Qualificazione"]
[Site "Saint Vincent - Chatillon ITA"]
[Date "2008.07.21"]
[Round "2"]
[White "Marguerettaz, Davy"]
[Black "Zara, Enrico"]
[Result "1/2-1/2"]
[WhiteElo "1987"]
[BlackElo "1857"]
[PlyCount "74"]
[EventDate "2008.07.19"]

1. Nf3 Nf6 2. b3 g6 3. Bb2 Bg7 4. g3 d6 5. c4 O-O 6. Bg2 c6 7. O-O Nbd7 8. Qc2
e5 9. d3 Re8 10. Nbd2 d5 11. cxd5 Nxd5 12. Rac1 N7b6 13. Rfd1 Qe7 14. Qb1 Bg4
15. h3 Bxf3 16. Nxf3 e4 17. dxe4 Qxe4 18. Qxe4 Rxe4 19. Bxg7 Kxg7 20. Nd4 Re7
21. e4 Nf6 22. f3 Rae8 23. b4 a6 24. Nb3 Nfd7 25. f4 Rxe4 26. Bxe4 Rxe4 27. Rd4
Re2 28. Rd2 Re4 29. Rcd1 Nf6 30. Rd4 Re2 31. R1d2 Re3 32. Kf2 Nbd5 33. Re2
Rxe2+ 34. Kxe2 Nc3+ 35. Kd3 Nxa2 36. Kc2 Nd5 37. Nc5 Naxb4+ 1/2-1/2

[Event "C.to Italiano Qualificazione"]
[Site "Saint Vincent - Chatillon ITA"]
[Date "2008.07.21"]
[Round "2"]
[White "Parodi, Alessandro"]
[Black "Martinez, Guido"]
[Result "1-0"]
[WhiteElo "2053"]
[BlackElo "1942"]
[PlyCount "79"]
[EventDate "2008.07.19"]

1. d4 Nf6 2. c4 g6 3. Nc3 d5 4. h4 Bg7 5. h5 gxh5 6. cxd5 Nxd5 7. Rxh5 Nf6 8.
Rh1 Bf5 9. f3 Qd6 10. Be3 Bg6 11. Qd2 Nd5 12. Bf2 h5 13. Nxd5 Qxd5 14. e4 Qd6
15. Be3 Nc6 16. Bb5 Kf8 17. Ne2 Rd8 18. Bf4 e5 19. Bxc6 bxc6 20. dxe5 Qxd2+ 21.
Bxd2 Bxe5 22. O-O-O Rb8 23. Bc3 Bxc3 24. Nxc3 Ke7 25. Rd2 Rbd8 26. Rxd8 Rxd8
27. Rd1 Rxd1+ 28. Kxd1 Kd6 29. Kd2 Kc5 30. Ke3 Kc4 31. Ne2 f6 32. f4 a5 33. Nd4
c5 34. Nc6 a4 35. e5 Kb5 36. Nd8 fxe5 37. fxe5 Kc4 38. Ne6 c6 39. Kd2 Bb1 40.
Nc7 1-0

[Event "C.to Italiano Qualificazione"]
[Site "Saint Vincent - Chatillon ITA"]
[Date "2008.07.21"]
[Round "2"]
[White "Rorato, Renzo"]
[Black "Cornaggia, Ranieri"]
[Result "1-0"]
[WhiteElo "2078"]
[BlackElo "1788"]
[PlyCount "87"]
[EventDate "2008.07.19"]

1. Nf3 Nf6 2. c4 g6 3. Nc3 Bg7 4. e4 d6 5. d4 O-O 6. Be2 e5 7. O-O Nc6 8. d5
Ne7 9. Nd2 Ne8 10. b4 f5 11. c5 f4 12. Nc4 g5 13. g4 Rf6 14. f3 h5 15. h3 Rh6
16. Kg2 Ng6 17. Rh1 Bf8 18. c6 b6 19. Bd2 Qf6 20. Qg1 Rh7 21. a4 hxg4 22. hxg4
Rxh1 23. Qxh1 Nh4+ 24. Kf2 a6 25. b5 a5 26. Rg1 Qh6 27. Ke1 Be7 28. Kd1 Nf6 29.
Be1 Nh7 30. Bf2 Bd8 31. Rg2 Nf8 32. Rh2 Nfg6 33. Na2 Kg7 34. Nc1 Kg8 35. Nd3
Kg7 36. Ne1 Kg8 37. Ng2 Be7 38. Nd2 Kg7 39. Nxh4 Nxh4 40. Bxh4 gxh4 41. Rxh4
Qg6 42. Rh2 Qe8 43. Rh7+ Kf6 44. Qh4+ 1-0

[Event "C.to Italiano Qualificazione"]
[Site "Saint Vincent - Chatillon ITA"]
[Date "2008.07.21"]
[Round "2"]
[White "Saviano, Sabato"]
[Black "Simeoni, Matteo"]
[Result "0-1"]
[WhiteElo "1693"]
[BlackElo "1995"]
[PlyCount "86"]
[EventDate "2008.07.19"]

1. c4 e6 2. d4 f5 3. g3 Bb4+ 4. Nc3 Nf6 5. a3 Bxc3+ 6. bxc3 O-O 7. Bg2 d6 8.
Nf3 Qe8 9. Bg5 Nbd7 10. Nd2 Qh5 11. Bxf6 Nxf6 12. h3 e5 13. Bf3 Qe8 14. O-O e4
15. Bg2 Qg6 16. e3 Bd7 17. Re1 Rae8 18. a4 Qh6 19. h4 g5 20. hxg5 Qxg5 21. Nf1
Re7 22. f4 Qg6 23. Bh3 Rg7 24. Re2 Kh8 25. Rh2 Rfg8 26. Raa2 Qf7 27. d5 Nh5 28.
Rag2 Nxg3 29. Rxg3 Rxg3+ 30. Nxg3 Rxg3+ 31. Kf2 Rf3+ 32. Ke2 c5 33. dxc6 Qxc4+
34. Kd2 Qd3+ 35. Kc1 Qxd1+ 36. Kxd1 bxc6 37. Kd2 a5 38. Bf1 Rxf1 39. Rh6 c5 40.
Rxd6 Bxa4 41. Ra6 Rd1+ 42. Ke2 Bb5+ 43. Kxd1 Bxa6 0-1

[Event "C.to Italiano Qualificazione"]
[Site "Saint Vincent - Chatillon ITA"]
[Date "2008.07.22"]
[Round "3"]
[White "Albanesi, Roberto"]
[Black "Chiarotto, Filippo"]
[Result "1/2-1/2"]
[WhiteElo "1967"]
[BlackElo "2096"]
[PlyCount "65"]
[EventDate "2008.07.19"]

1. e4 c5 2. Nc3 Nc6 3. g3 e6 4. Bg2 g6 5. d3 Bg7 6. Be3 d6 7. Qd2 Bd7 8. Nge2
Nd4 9. Nd1 Qc7 10. O-O h5 11. h4 Nh6 12. c3 Nxe2+ 13. Qxe2 Ng4 14. Bd2 O-O 15.
Ne3 Nxe3 16. Bxe3 e5 17. f4 f5 18. fxe5 dxe5 19. exf5 Bxf5 20. Bd5+ Kh7 21.
Rxf5 Rxf5 22. Be4 Raf8 23. Bxf5 Rxf5 24. Rf1 Rxf1+ 25. Qxf1 b6 26. Bg5 Qd7 27.
Qf3 a5 28. Kg2 b5 29. Bf6 c4 30. d4 e4 31. Qf4 Bxf6 32. Qxf6 Qg4 33. Qf7+
1/2-1/2

[Event "C.to Italiano Qualificazione"]
[Site "Saint Vincent - Chatillon ITA"]
[Date "2008.07.22"]
[Round "3"]
[White "Caputi, Nicola"]
[Black "Malano, Francesco"]
[Result "1-0"]
[WhiteElo "2012"]
[BlackElo "1898"]
[PlyCount "83"]
[EventDate "2008.07.19"]

1. c4 Nf6 2. Nf3 b6 3. g3 Bb7 4. Bg2 e6 5. O-O Be7 6. b3 O-O 7. Bb2 c5 8. Nc3
Ne4 9. Nxe4 Bxe4 10. d3 Bb7 11. e4 d6 12. Qe2 Nc6 13. Rad1 e5 14. Ne1 g6 15. f4
Bf6 16. f5 Bg7 17. Nc2 g5 18. Qh5 f6 19. a3 a6 20. Ne3 Ne7 21. Bf3 Bc6 22. Qh3
Be8 23. Bc3 Bf7 24. Rb1 Qd7 25. Rf2 Rfb8 26. Rfb2 Qe8 27. g4 Qd8 28. Qg3 a5 29.
b4 axb4 30. axb4 Ra3 31. Rb3 Rba8 32. Qf2 Nc6 33. bxc5 dxc5 34. Nd5 Bf8 35.
Rxa3 Rxa3 36. Qb2 Qa8 37. Nxf6+ Kg7 38. Nd7 Nb4 39. Nxe5 Bd6 40. Nd7+ Kg8 41.
Bh8 Bxh2+ 42. Kh1 1-0

[Event "C.to Italiano Qualificazione"]
[Site "Saint Vincent - Chatillon ITA"]
[Date "2008.07.22"]
[Round "3"]
[White "Cardili, Mariano"]
[Black "Garvani, Vittorio"]
[Result "1-0"]
[WhiteElo "2100"]
[BlackElo "1993"]
[PlyCount "87"]
[EventDate "2008.07.19"]

1. d4 Nf6 2. c4 g6 3. Nc3 Bg7 4. e4 d6 5. Nf3 O-O 6. Be2 e5 7. O-O Nc6 8. d5
Ne7 9. Ne1 Ne8 10. Nd3 f5 11. Bd2 f4 12. f3 g5 13. c5 Rf6 14. cxd6 cxd6 15. Rc1
Rh6 16. Nf2 a6 17. a4 Nf6 18. a5 Qe8 19. Na4 Qh5 20. h3 Qe8 21. Nb6 Rb8 22. Bb4
Nh5 23. Qb3 Ng3 24. Rfe1 Bf8 25. Qa3 Qd8 26. Nc4 Bd7 27. Bxd6 Rc8 28. Bb4 Bb5
29. b3 Ng6 30. Bxf8 Nxf8 31. Ng4 Rh4 32. Qb2 Nd7 33. Ngxe5 Qf6 34. Nd3 Qh6 35.
Nf2 Nf6 36. Qd4 Rg4 37. fxg4 Nxe2+ 38. Rxe2 f3 39. Re3 fxg2 40. Rce1 Nxg4 41.
Rg3 Rf8 42. Kxg2 Bxc4 43. Nxg4 Bf1+ 44. Rxf1 1-0

[Event "C.to Italiano Qualificazione"]
[Site "Saint Vincent - Chatillon ITA"]
[Date "2008.07.22"]
[Round "3"]
[White "Caresana, Alessandro"]
[Black "Cavaliere, Simone"]
[Result "1-0"]
[WhiteElo "2043"]
[BlackElo "1876"]
[PlyCount "85"]
[EventDate "2008.07.19"]

1. d4 Nf6 2. c4 e6 3. Nc3 Bb4 4. Qc2 c5 5. dxc5 O-O 6. Nf3 Na6 7. a3 Bxc3+ 8.
Qxc3 Nxc5 9. g3 b6 10. Bg2 Bb7 11. O-O Rc8 12. Bf4 Nce4 13. Qd4 d5 14. cxd5
Bxd5 15. Rac1 Qe7 16. b4 Rfd8 17. Rxc8 Rxc8 18. Ne5 Nc3 19. Re1 Bxg2 20. Kxg2
Ncd5 21. Bg5 h6 22. Bxf6 Nxf6 23. e4 b5 24. Re2 a5 25. bxa5 Qxa3 26. Qb6 Qc5
27. Qxc5 Rxc5 28. a6 Ne8 29. a7 Nc7 30. Nd7 Rc6 31. Nb8 Rc4 32. Rb2 Ra4 33. Nc6
Kh7 34. Rd2 Ra6 35. Rd7 Na8 36. Nd4 b4 37. Rxf7 Ra3 38. Rb7 Ra4 39. Nxe6 h5 40.
Rxg7+ Kh6 41. Rb7 b3 42. Nc5 b2 43. Nxa4 1-0

[Event "C.to Italiano Qualificazione"]
[Site "Saint Vincent - Chatillon ITA"]
[Date "2008.07.22"]
[Round "3"]
[White "Cornaggia, Ranieri"]
[Black "Rossi, Giampiero"]
[Result "1-0"]
[WhiteElo "1788"]
[BlackElo "1996"]
[PlyCount "65"]
[EventDate "2008.07.19"]

1. e4 c5 2. Nf3 e6 3. d4 cxd4 4. Nxd4 a6 5. Nc3 Qc7 6. Be3 Nf6 7. f3 d6 8. Qd2
Be7 9. O-O-O Bd7 10. Kb1 Nc6 11. Be2 O-O 12. g4 Rfc8 13. h4 Ne5 14. h5 Nc4 15.
Bxc4 Qxc4 16. g5 Ne8 17. g6 b5 18. Rdg1 Bf6 19. h6 fxg6 20. hxg7 Bxg7 21. Nce2
a5 22. Bh6 Nf6 23. Bxg7 Kxg7 24. Qh6+ Kf7 25. Qf4 Ke7 26. e5 dxe5 27. Qxe5 Qd5
28. Nf5+ gxf5 29. Rg7+ Kd8 30. Qxf6+ Kc7 31. Nc3 Qc6 32. Qe5+ Kb6 33. Rd1 1-0

[Event "C.to Italiano Qualificazione"]
[Site "Saint Vincent - Chatillon ITA"]
[Date "2008.07.22"]
[Round "3"]
[White "Crea, Vincenzo"]
[Black "Iatrino, Vincenzo"]
[Result "1/2-1/2"]
[WhiteElo "2030"]
[BlackElo "1839"]
[PlyCount "37"]
[EventDate "2008.07.19"]

1. d4 e6 2. Nf3 Nf6 3. Bf4 b6 4. e3 Bb7 5. Nbd2 Be7 6. c3 O-O 7. Bd3 d6 8. h3
Nbd7 9. Qc2 h6 10. O-O c5 11. Ne4 Nxe4 12. Bxe4 Bxe4 13. Qxe4 d5 14. Qc2 Rc8
15. Qe2 c4 16. e4 Re8 17. exd5 exd5 18. Rfe1 Nf6 19. Qc2 1/2-1/2

[Event "C.to Italiano Qualificazione"]
[Site "Saint Vincent - Chatillon ITA"]
[Date "2008.07.22"]
[Round "3"]
[White "De Nardi, Riccardo"]
[Black "Parodi, Alessandro"]
[Result "1-0"]
[WhiteElo "1982"]
[BlackElo "2053"]
[PlyCount "56"]
[EventDate "2008.07.19"]

1. e4 d6 2. d4 Nf6 3. Nc3 g6 4. Be3 Bg7 5. f3 c6 6. Qd2 O-O 7. O-O-O b5 8. Kb1
Nbd7 9. Bh6 Re8 10. h4 Qa5 11. h5 Rb8 12. hxg6 fxg6 13. Bxg7 Kxg7 14. Qh6+ Kg8
15. e5 dxe5 16. Bd3 Nf8 17. dxe5 Nd5 18. Nxd5 cxd5 19. Ne2 Qc7 20. Bxg6 hxg6
21. Qh8+ Kf7 22. Nf4 Bf5 23. e6+ Bxe6 24. Rh7+ Nxh7 25. Qxh7+ Kf6 26. Qxg6+ Ke5
27. Qxe6+ Kxf4 28. Qg4+ Ke5 1-0

[Event "C.to Italiano Qualificazione"]
[Site "Saint Vincent - Chatillon ITA"]
[Date "2008.07.22"]
[Round "3"]
[White "Innocenti, Luca"]
[Black "Cavatorta, Fosco"]
[Result "1-0"]
[WhiteElo "2071"]
[BlackElo "1921"]
[PlyCount "67"]
[EventDate "2008.07.19"]

1. c4 Nc6 2. Nc3 e5 3. Nf3 f5 4. d4 e4 5. Ng5 Be7 6. h4 Nf6 7. e3 d6 8. b4 a6
9. Qb3 h6 10. Nh3 g5 11. Bb2 f4 12. d5 Bxh3 13. dxc6 Bc8 14. hxg5 fxe3 15. gxf6
exf2+ 16. Kxf2 e3+ 17. Kxe3 Bxf6 18. Ne4 Bg5+ 19. Kd3 O-O 20. Qc3 Qe7 21. Qh8+
Kf7 22. Qg7+ Ke8 23. Qxe7+ Bxe7 24. cxb7 Bxb7 25. Rxh6 a5 26. b5 Rd8 27. Re1
Bxe4+ 28. Kxe4 Kd7 29. Be2 Rg8 30. Bf3 Rde8 31. Rh7 Kd8 32. Kd3 Rh8 33. Rxh8
Rxh8 34. Bxh8 1-0

[Event "C.to Italiano Qualificazione"]
[Site "Saint Vincent - Chatillon ITA"]
[Date "2008.07.22"]
[Round "3"]
[White "Marguerettaz, Davy"]
[Black "Rorato, Renzo"]
[Result "1-0"]
[WhiteElo "1987"]
[BlackElo "2078"]
[PlyCount "61"]
[EventDate "2008.07.19"]

1. e4 c5 2. Nf3 Nc6 3. d4 cxd4 4. Nxd4 Qb6 5. Nxc6 bxc6 6. Bd3 e5 7. Qe2 Nf6 8.
O-O Be7 9. Nd2 O-O 10. Nc4 Qc7 11. f4 d6 12. fxe5 dxe5 13. Bg5 Be6 14. Bxf6
Bxf6 15. b3 Bxc4 16. Bxc4 Rad8 17. Rf5 Rd6 18. Raf1 Qe7 19. g4 g5 20. Qf2 Kg7
21. Qc5 Rd1 22. Qxc6 Rxf1+ 23. Rxf1 Rd8 24. Bd5 h5 25. h4 Rd6 26. Qc4 Rxd5 27.
exd5 e4 28. hxg5 Bxg5 29. d6 Qd7 30. Qxe4 Qxd6 31. gxh5 1-0

[Event "C.to Italiano Qualificazione"]
[Site "Saint Vincent - Chatillon ITA"]
[Date "2008.07.22"]
[Round "3"]
[White "Martinez, Guido"]
[Black "Viglino, Antonio"]
[Result "0-1"]
[WhiteElo "1942"]
[BlackElo "1862"]
[PlyCount "62"]
[EventDate "2008.07.19"]

1. d4 e6 2. g3 Nf6 3. Bg2 d5 4. Nf3 Be7 5. O-O O-O 6. Re1 b6 7. c4 Bb7 8. Nfd2
c5 9. e3 Nc6 10. cxd5 Nxd5 11. Nf3 cxd4 12. exd4 Rc8 13. a3 Bf6 14. Nc3 Nce7
15. Qd3 Qc7 16. Ng5 Bxg5 17. Bxg5 Nxc3 18. bxc3 Bxg2 19. Bxe7 Qxe7 20. Kxg2 Qc7
21. Rec1 Qc4 22. Qe3 Qd5+ 23. Qf3 Rc4 24. Rab1 Qxf3+ 25. Kxf3 Rfc8 26. Ke2 Rxc3
27. Kd2 Rxc1 28. Rxc1 Rxc1 29. Kxc1 Kf8 30. Kc2 b5 31. Kc3 a5 0-1

[Event "C.to Italiano Qualificazione"]
[Site "Saint Vincent - Chatillon ITA"]
[Date "2008.07.22"]
[Round "3"]
[White "Rotoni, Matteo"]
[Black "Simeoni, Matteo"]
[Result "1-0"]
[WhiteElo "2089"]
[BlackElo "1995"]
[PlyCount "83"]
[EventDate "2008.07.19"]

1. e4 c5 2. c3 d5 3. exd5 Qxd5 4. Na3 Nc6 5. Nf3 Nf6 6. d4 e6 7. Be3 cxd4 8.
Nb5 Qd8 9. Nbxd4 Bd7 10. Nxc6 bxc6 11. Ne5 Be7 12. Be2 O-O 13. Nxd7 Qxd7 14.
Qxd7 Nxd7 15. O-O c5 16. Rfd1 Rfd8 17. Bf4 Nb6 18. Bf3 Rxd1+ 19. Rxd1 Rd8 20.
Rxd8+ Bxd8 21. Bd6 Na4 22. b4 Nxc3 23. bxc5 Nb5 24. Bf4 Kf8 25. a4 Nc7 26. Bd6+
Kg8 27. c6 f6 28. Bc5 a6 29. Be2 Kf7 30. Bc4 Ke8 31. Kf1 f5 32. Bd6 a5 33. Ke2
Kf7 34. Kd3 Kf6 35. Kd4 Kg5 36. Kc5 Na8 37. Bxe6 Bb6+ 38. Kb5 Bd8 39. Ka6 Kf6
40. Bb3 Nc7+ 41. Bxc7 Bxc7 42. Kb7 1-0

[Event "C.to Italiano Qualificazione"]
[Site "Saint Vincent - Chatillon ITA"]
[Date "2008.07.22"]
[Round "3"]
[White "Zara, Enrico"]
[Black "Barletta, Antonio"]
[Result "0-1"]
[WhiteElo "1857"]
[BlackElo "2032"]
[PlyCount "46"]
[EventDate "2008.07.19"]

1. d4 Nf6 2. Nf3 c5 3. d5 b5 4. e3 Bb7 5. c4 d6 6. cxb5 Bxd5 7. Nc3 Bb7 8. Be2
Nbd7 9. O-O e6 10. b3 d5 11. Bb2 Bd6 12. Rc1 Rc8 13. Bd3 Bb8 14. Ne2 Qb6 15.
Ng3 Qd6 16. Re1 O-O 17. e4 Qf4 18. e5 Ng4 19. Rc4 dxc4 20. Bc1 Bxf3 21. Bxh7+
Kh8 22. gxf3 Qd4 23. Qc2 Qxf2+ 0-1

[Event "C.to Italiano Qualificazione"]
[Site "Saint Vincent - Chatillon ITA"]
[Date "2008.07.22"]
[Round "4"]
[White "Barletta, Antonio"]
[Black "Marguerettaz, Davy"]
[Result "1/2-1/2"]
[WhiteElo "2032"]
[BlackElo "1987"]
[PlyCount "65"]
[EventDate "2008.07.19"]

1. e4 c5 2. b4 cxb4 3. d4 d5 4. e5 Bf5 5. Nf3 Nc6 6. Bd3 Bxd3 7. Qxd3 e6 8. O-O
Nge7 9. a3 Nf5 10. axb4 Bxb4 11. Qb3 Qd7 12. c3 Be7 13. Be3 O-O 14. Nbd2 Rfc8
15. Rfb1 b6 16. Qa4 Qc7 17. Rc1 Na5 18. Kf1 Nc4 19. Nxc4 Qxc4+ 20. Qxc4 Rxc4
21. Bd2 a5 22. Rcb1 Bd8 23. Ke2 Ne7 24. Ne1 Nc8 25. Nc2 Be7 26. Ne3 Rc6 27. f4
a4 28. Kd3 Kf8 29. Bc1 Ke8 30. Ba3 Kd7 31. Bxe7 Nxe7 32. Rb4 a3 33. Rb3 1/2-1/2

[Event "C.to Italiano Qualificazione"]
[Site "Saint Vincent - Chatillon ITA"]
[Date "2008.07.22"]
[Round "4"]
[White "Caputi, Nicola"]
[Black "Cardili, Mariano"]
[Result "1/2-1/2"]
[WhiteElo "2012"]
[BlackElo "2100"]
[PlyCount "55"]
[EventDate "2008.07.19"]

1. c4 c6 2. Nf3 d5 3. g3 Nf6 4. Bg2 Bf5 5. cxd5 cxd5 6. Qb3 Qb6 7. Nc3 Qxb3 8.
axb3 Nc6 9. d3 e6 10. O-O Be7 11. Bf4 O-O 12. Rfc1 Bg4 13. h3 Bxf3 14. Bxf3 Nd4
15. Ra2 Nxb3 16. Rb1 Bc5 17. g4 Nd7 18. Rd1 Rfc8 19. e4 d4 20. Nb1 e5 21. Bg3
f6 22. g5 Bb4 23. Bg4 Nbc5 24. gxf6 gxf6 25. Na3 Bxa3 26. Rxa3 Rd8 27. b4 Na6
28. Rc1 1/2-1/2

[Event "C.to Italiano Qualificazione"]
[Site "Saint Vincent - Chatillon ITA"]
[Date "2008.07.22"]
[Round "4"]
[White "Chiarotto, Filippo"]
[Black "Malano, Francesco"]
[Result "1/2-1/2"]
[WhiteElo "2096"]
[BlackElo "1898"]
[PlyCount "95"]
[EventDate "2008.07.19"]

1. e4 c5 2. Nf3 g6 3. d4 cxd4 4. Qxd4 Nf6 5. e5 Nc6 6. Qh4 Nxe5 7. Nxe5 Qa5+ 8.
Nc3 Qxe5+ 9. Be2 Bg7 10. O-O O-O 11. Bh6 d6 12. Rae1 Qa5 13. Bd3 Be6 14. Bxg7
Kxg7 15. b4 Qc7 16. Nb5 Qd8 17. Nd4 Bd7 18. Kh1 e6 19. f4 Nd5 20. Qg3 Kh8 21.
f5 e5 22. fxg6 fxg6 23. Nf3 Qe7 24. a3 Nf4 25. Bc4 Rac8 26. Nd2 Nh5 27. Qe3 b6
28. Bb3 Kg7 29. Ne4 Rxf1+ 30. Rxf1 Nf4 31. g3 Ne6 32. Rd1 Bc6 33. Kg1 Rd8 34.
Bxe6 Bxe4 35. Qxe4 Qxe6 36. Rf1 Rd7 37. Qa8 Rf7 38. Rxf7+ Qxf7 39. c4 Kh6 40.
Qe4 Qc7 41. h4 Kg7 42. Qd5 a6 43. Kg2 h5 44. a4 a5 45. b5 Qc5 46. Qe6 Qc7 47.
Kh3 Qb7 48. Kh2 1/2-1/2

[Event "C.to Italiano Qualificazione"]
[Site "Saint Vincent - Chatillon ITA"]
[Date "2008.07.22"]
[Round "4"]
[White "De Nardi, Riccardo"]
[Black "Rotoni, Matteo"]
[Result "1/2-1/2"]
[WhiteElo "1982"]
[BlackElo "2089"]
[PlyCount "30"]
[EventDate "2008.07.19"]

1. e4 e6 2. d3 d5 3. Nd2 Nf6 4. Ngf3 Nc6 5. c3 a5 6. e5 Nd7 7. d4 f6 8. exf6
Nxf6 9. Bd3 Bd6 10. O-O O-O 11. Re1 Qe8 12. Ne5 Qh5 13. Be2 Qe8 14. Bd3 Qh5 15.
Be2 Qe8 1/2-1/2

[Event "C.to Italiano Qualificazione"]
[Site "Saint Vincent - Chatillon ITA"]
[Date "2008.07.22"]
[Round "4"]
[White "Gussone, Claudio"]
[Black "Parodi, Alessandro"]
[Result "0-1"]
[WhiteElo "1842"]
[BlackElo "2053"]
[PlyCount "70"]
[EventDate "2008.07.19"]

1. d4 Nf6 2. Nf3 g6 3. g3 Bg7 4. Bg2 O-O 5. O-O d6 6. c4 Nbd7 7. Nc3 c5 8. b3
Rb8 9. Bb2 a6 10. Qd3 b5 11. cxb5 axb5 12. Nxb5 Ba6 13. a4 Bxb5 14. axb5 Qb6
15. Nd2 Qxb5 16. Qxb5 Rxb5 17. Bc6 Rbb8 18. d5 Nb6 19. e4 e6 20. Bxf6 Bxf6 21.
Ra7 Nc8 22. Ra6 Bc3 23. Rd1 Rd8 24. Ba4 Bxd2 25. Rxd2 e5 26. Ra2 Rb4 27. Ra3
Rxe4 28. Ra8 Rf8 29. Bc6 Rd4 30. Rb8 Ne7 31. Raa8 Rxb8 32. Rxb8+ Kg7 33. Rd8
Nxd5 34. Rxd6 Rd1+ 35. Kg2 Nf4+ 0-1

[Event "C.to Italiano Qualificazione"]
[Site "Saint Vincent - Chatillon ITA"]
[Date "2008.07.22"]
[Round "4"]
[White "Iatrino, Vincenzo"]
[Black "Caresana, Alessandro"]
[Result "1/2-1/2"]
[WhiteElo "1839"]
[BlackElo "2043"]
[PlyCount "126"]
[EventDate "2008.07.19"]

1. e4 e5 2. Nf3 Nc6 3. d4 exd4 4. Bc4 Nf6 5. e5 d5 6. Bb5 Ne4 7. Nxd4 Bd7 8.
Bxc6 bxc6 9. O-O Qh4 10. Be3 Be7 11. f3 Bg5 12. Bxg5 Nxg5 13. Nc3 O-O 14. Nb3
Ne6 15. g3 Qh3 16. f4 h5 17. Qd2 g6 18. Rf3 Ng7 19. Nd1 Qg4 20. Rc3 h4 21. Nf2
Qh5 22. Nd4 hxg3 23. hxg3 Ne6 24. g4 Qh6 25. g5 Qh4 26. Ne2 Ng7 27. Kg2 d4 28.
Nxd4 Nh5 29. Ne2 Be6 30. Rd3 Bd5+ 31. Kg1 Be6 32. Kg2 Bd5+ 33. Rxd5 cxd5 34.
Rh1 Nxf4+ 35. Qxf4 Qxf4 36. Nxf4 c6 37. Ng4 Kg7 38. e6 Rh8 39. Rxh8 Rxh8 40.
exf7 Kxf7 41. Ne5+ Kg7 42. Nxc6 Rh4 43. Kg3 Rh1 44. Nxa7 Rg1+ 45. Kh4 Rh1+ 46.
Kg3 Rg1+ 47. Ng2 Ra1 48. a3 Ra2 49. Ne3 Rxb2 50. Nc6 Ra2 51. Nxd5 Rxc2 52. Ncb4
Rb2 53. a4 Rb3+ 54. Kf4 Ra3 55. Nb6 Kf7 56. Nc6 Ke6 57. Ne5 Ra1 58. Nxg6 Rf1+
59. Kg4 Rg1+ 60. Kf4 Rf1+ 61. Ke4 Re1+ 62. Kd4 Kf5 63. Nf8 Re4+ 1/2-1/2